| 000 | 00815cam a22002653a 4500 | ||
|---|---|---|---|
| 001 | 549 | ||
| 003 | PGUSA | ||
| 005 | 20140828082949.0 | ||
| 008 | 960601s1996||||xxu|||||s|||||000 1 eng d | ||
| 040 |
_aPGUSA _beng |
||
| 042 | _adc | ||
| 050 | 4 | _aPQ | |
| 100 | 1 |
_aAzuela, Mariano, _d1873-1952 |
|
| 245 | 1 | 4 |
_aThe Underdogs : _bA Novel of the Mexican Revolution _h[electronic resource] / _cMariano Azuela |
| 260 |
_bProject Gutenberg, _c1996 |
||
| 500 | _aTranslation of Los de Abajo | ||
| 506 | _aPublic domain in the USA. | ||
| 516 | _aElectronic text | ||
| 653 | _aMexico -- History -- Revolution, 1910-1920 -- Fiction | ||
| 700 | 1 |
_aMunguĂa, E. _q(Enrique), _d1903- |
|
| 740 | 0 | _aLos de abajo. English | |
| 830 | 0 |
_aProject Gutenberg _v549 |
|
| 856 | 4 | 0 | _uhttp://www.gutenberg.org/ebooks/549 |
| 942 | _cEB | ||
| 999 |
_c229900 _d229900 |
||